Loading...
Literature - European Literature | 1 | 2 | 0 | 1 | 35 | 74 | 117.33 | 0 | 2 |
Literature - British Literature | 0 | 4 | 1 | 1 | 35 | 132 | 138.25 | 0 | 2 |
Social Science | 0 | 3 | 0 | 1 | 30 | 117 | 121.33 | 0 | 1 |
Other Arts: Auditory | 0 | 2 | 0 | 2 | 20 | 127 | 137.00 | 0 | 1 |
Fine Arts - Auditory Fine Arts | 0 | 2 | 0 | 2 | 20 | 135 | 147.00 | 1 | 1 |
Fine Arts - Visual Fine Arts | 0 | 3 | 2 | 0 | 20 | 75 | 101.67 | 0 | 2 |
Other Arts: Visual | 0 | 2 | 0 | 0 | 20 | 130 | 133.00 | 0 | 0 |
Beliefs | 0 | 2 | 1 | 1 | 15 | 133 | 140.00 | 0 | 1 |
History - American History | 0 | 1 | 0 | 0 | 10 | 81 | 81.00 | 0 | 1 |
Philosophy | 0 | 1 | 0 | 0 | 10 | 95 | 95.00 | 0 | 1 |
Science - Biology | 0 | 1 | 0 | 1 | 10 | 138 | 138.00 | 0 | 0 |
Science - Chemistry | 0 | 1 | 0 | 0 | 10 | 128 | 128.00 | 0 | 1 |
Chemistry> | 0 | 1 | 0 | 0 | 10 | 70 | 70.00 | 0 | 1 |
Other Science: Astronomy | 0 | 1 | 0 | 0 | 10 | 91 | 91.00 | 0 | 1 |
Other Science: Math | 0 | 1 | 0 | 0 | 10 | 97 | 97.00 | 0 | 1 |
Other Academic | 0 | 0 | 1 | 0 | -5 | 0.00 | 0 | 0 | |
Science - Physics | 0 | 0 | 1 | 0 | -5 | 0.00 | 0 | 0 | |
Literature - American Literature | 0 | 0 | 1 | 0 | -5 | 0.00 | 0 | 0 |